Alle 196 Länder der Welt - Keine Konsonanten - Statistiken

Allgemein
  • Dieses Quiz wurde 439 mal gespielt
  • Das Durchschnittsergebnis liegt bei 128 aus 196
Antworten auf der Karte
Die Antworten werden auf der Karte rot bzw. grün angezeigt, abhängig davon wie oft sie richtig erraten wurden.
 
Antwortstatistiken
Vokale Ganzer Name % Korrekt
A Tschad
98%
I U Ei St. Kitts und Nevis
88%
Ua Bhutan | Kuba | Russland | +2 others
84%
Yaa Myanmar
84%
Eu Peru
82%
Ee Jemen | Schweden
81%
Ei Benin | Schweiz
81%
Aa Ghana | Japan | Katar | Malta
80%
Ai Mali
80%
Au Gabun
80%
Ia China | Finnland | Irak | +3 others
80%
Ie Chile | Niger
80%
Ie U Ie Eaie St Vincent und die Grenadinen
80%
Aaa Bahamas | Kanada | Kasachstan | Panama
79%
Ea Estland | Lettland | Nepal
79%
Eaa Grenada
79%
Eua Deutschland
79%
Oe Polen
79%
Oa Oman | Tonga
78%
Aei Frankreich
77%
Eoaie Eui Oo Demokratische Republik Kongo
77%
Eui Oo Republik Kongo
77%
Ii Fidschi
77%
Aau Palau
76%
Aii Haiti
76%
Oo Togo
76%
Aie Spanien
75%
Aiua U Aua Antigua und Barbuda
75%
Ao Laos
75%
Eie Belgien | Belize | Serbien | Tschechien
75%
Eio Mexiko
75%
Aiie Brasilien
74%
Iie Indien
74%
Oua Honduras | Portugal
74%
Uai Kuwait
74%
Äea Dänemark
73%
Oee Norwegen
73%
Aia Gambia | Pakistan | Sambia | +2 others
72%
Aiaa Vatikanstadt
72%
Auaie Australien
72%
Eaii Eswatini
72%
Iaie Italien
72%
Ooe Komoren
72%
Uei Brunei
72%
Üei Türkei
72%
Aaaa Madagaskar
71%
Aai Bahrain | Malawi
71%
Aeiie Argentinien
70%
Ieea Griechenland
70%
Oai Mosambik
70%
Uaie Bulgarien | Ukraine
70%
Uäie Rumänien
70%
Aeie Algerien | Armenien | Malediven
69%
Aoo Marokko
69%
Ooei Mongolei
69%
Eau Belarus
68%
Iau Singapur
68%
Üaia Südafrika
67%
Aui-Aaie Saudi-Arabien
66%
Eueea Neuseeland
66%
Iea Vietnam
66%
Ieeae Niederlande
66%
Oaie Moldawien
66%
Ooea Nordkorea
66%
Ooo Kosovo
66%
Aaia Afghanistan | Jamaika | Tansania
65%
Ioeie Indonesien
65%
Oaie Jordanien | Kroatien
65%
Öeei Österreich
65%
Öeiee Aae O Ioeie Föderierte Staaten von Mikronesien
65%
Ouie Kolumbien
65%
Ueie Tunesien
65%
Üoea Südkorea
65%
Aoa Andorra | Angola | Kambodscha | Samoa
64%
I Aa Sri Lanka
64%
Iaue Litauen
64%
Aaie Albanien | Marshallinseln
63%
Eeiie Öiei Vereinigtes Königreich
63%
Eeuea Venezuela
63%
Oa Ia Costa Rica
63%
Oaia Somalia
63%
Aiia Namibia | Tadschikistan
62%
Äye Ägypten
62%
Iae Israel | Simbabwe
62%
Oie U Eeoia Bosnien und Herzegowina
62%
Oiie Bolivien
62%
Oaei Slowakei
61%
Oeie Slowenien
61%
Ueia Turkmenistan | Usbekistan
61%
Uia St. Lucia
61%
Uiae Suriname
61%
Euao Ecuador
60%
Iia U Oao Trinidad und Tobago
60%
Uaa Ruanda | Uganda
60%
Uuuay Uruguay
60%
Aae Bangladesch
59%
Aauay Paraguay
59%
Eeiie Aae Vereinigte Staaten
59%
Iiie Philippinen
59%
Eea Senegal
58%
Eoie Georgien
58%
Üua Südsudan
58%
Äioie Äthiopien
57%
Eia Kenia
57%
Eoo Lesotho
57%
Iye Libyen
57%
Yie Syrien
57%
Aueaie Mauretanien
56%
Oaeoie Nordmazedonien
56%
Oeeo Montenegro
56%
A Ee Kap Verde
55%
Eiea Eritrea
55%
Ieia Liberia | Nigeria
55%
Aeaia Aserbaidschan
54%
Iaaua Nicaragua
54%
Oaa Botswana
54%
Aua-Euuiea Papua-Neuguinea
53%
Uaeaa Guatemala
53%
Uiea Guinea
53%
Uyaa Guyana
53%
Aeu Kamerun
52%
Eeeiüe Elfenbeinküste
52%
Ye Zypern
52%
Aayia Malaysia
51%
Eaaiaie Eui Zentralafrikanische Republik
51%
E Aao El Salvador
51%
Oiia Dominica
51%
Aooe Salomonen
49%
Ão Oé U Íie São Tomé und Príncipe
49%
Auiiu Mauritius
49%
Oiiaie Eui Dominikanische Republik
49%
Ueu Luxemburg
49%
Iao Libanon
48%
Uia Ao Burkina Faso
48%
Iea Eoe Sierra Leone
47%
Uiea-iau Guinea-Bissau
47%
Iui Dschibuti
45%
Uui Burundi
45%
Eeiie Aaie Eiae Vereinigte Arabische Emirate
44%
Eyee Seychellen
44%
Iiai Kiribati
44%
Auau Vanuatu
41%
Iiia Kirgisistan
41%
Oio Osttimor
40%
Uau Tuvalu
40%
Äuaoia-Uiea Äquatorial-Guinea
39%
Auu Nauru
39%
A Aio San Marino
38%
Oao Monaco
38%
Ieeei Liechtenstein
36%
Aao Barbados
34%
Keine übereinstimmenden Quizze gefunden
Verteilung der Resultate
Anzahl Personen mit jedem Resultat
Perzentil nach korrekt beantworteten Fragen
Ihre Resultats-Entwicklung
Sie haben dieses Quiz noch nicht gespielt